Szczegóły MARC21

Karmannyj italʹânsko-russkij slovarʹ : 10 000 slov /

003 -Nazwa inst., której nr kontr. jest w polu 001 [,]
    • @
    • Nazwa instytucji, której n kontrolny jest w polu 001
    • NUKAT
005 -DATA I CZAS OSTATNIEJ MODYFIKACJI [,]
    • @
    • pole kontrolne
    • 20241231103412.0
040 -Instytucja sporządzająca opis [ , ]
    • a
    • Instytucja, która sporządziła opis (NP)
    • SZCZ U/KP
    • b
    • Język katalogowania
    • pol
    • e
    • Zasady katalogowania
    • rda
    • c
    • Instytucja, która sporządziła rekord (NP)
    • SZCZ U/KPs
041 -Język dokumentu [0, ]
    • a
    • Język tekstu (P)
    • rosyjski
    • a
    • Język tekstu (P)
    • włoski
942 -Rodzaj dokumentu [ , ]
    • c
    • Rodzaj dokumentu
    • Książka
100 -Hasło główne - nazwa osobowa [1, ]
    • a
    • Nazwa osobowa (NP)
    • Dobrovolʹskaâ, Ûliâ Abramovna.
    • e
    • Rodzaj współpracy
    • Autor
    • 9
    • KHW
    • 489564
245 -Strefa tytułu i oznaczenia odpowiedzialności [1,0]
    • a
    • Tytuł
    • Karmannyj italʹânsko-russkij slovarʹ : Find
    • b
    • Ciąg dalszy tytułu (NP)
    • 10 000 slov / Find
    • c
    • Pozostałe elementy strefy tytułu i oznaczenia odpowiedzialności (NP)
    • Û. A. Dobrovolʹskaâ.
246 -Wariant tytułu [1,5]
    • a
    • Tytuł (NP)
    • Dizionario italiano-russo tascabile
250 -Strefa wydania [ , ]
    • a
    • Oznaczenie wydania (NP)
    • Izdanie šestoe, ispravlennoe i dopolnennoe.
260 -Strefa adresu wydawniczego [ , ]
    • a
    • Miejsce wydania (P)
    • Moskva :
    • b
    • Nazwa wydawcy (P)
    • Izdatelʹstvo "Ruskij âzyk",
    • c
    • Data wydania (P)
    • 1980.
300 -Strefa opisu fizycznego [ , ]
    • a
    • Określenie formy książki i/lub objętość (NP)
    • 413, [2] strony ;
    • c
    • Format (NP)
    • 13 cm.
336 -Typ zawartości [ , ]
    • a
    • Termin opisujący typ zawartości
    • Tekst
    • b
    • Kod określający zawartość
    • txt
    • 2
    • Źródło (terminu i kodu)
    • rdacontent
337 -Typ mediów [ , ]
    • a
    • Tryb odtwarzania
    • Bez urządzenia pośredniczącego
    • b
    • Kod typu mediów
    • n
    • 2
    • Źródło (terminu i kodu)
    • rdamedia
338 -Typ/rodzaj nośnika [ , ]
    • a
    • Hasło opisujące typ nośnika
    • Wolumin
    • b
    • Kod typu nośnika
    • nc
    • 2
    • Źródło (terminu i kodu)
    • rdacarrier
500 -Uwaga ogólna [ , ]
    • a
    • Uwaga ogólna (NP)
    • Druk dwuszpaltowy.
500 -Uwaga ogólna [ , ]
    • a
    • Uwaga ogólna (NP)
    • Równoległa strona tytułowa w języku włoskim.
650 -Hasło przedmiotowe [ ,7]
    • a
    • Hasło przedmiotowe
    • Język rosyjski
    • v
    • Określnik formalny
    • słowniki włoskie.
    • 2
    • Źródło terminu
    • kaba
    • 9
    • KHW
    • 489650
710 -Hasło dodatkowe - nazwa ciała zbiorowego [2, ]
    • a
    • Nazwa ciała zbiorowego lub nazwa geograficzna jako pierwszy element (NP)
    • Izdatelʹstvo "Russkij âzyk".
    • e
    • Rodzaj współpracy
    • Wydawca
    • 4
    • Kod relacji
    • pbl
    • 9
    • KHW
    • 56261
Lokalizacja Status udost. Sygnatura Numer inwentarzowy
BG1 Z.46054
BM1ROS. Słowniki dwujęzyczne 22R.2601